Cutting the cost Getting it right (Record no. 564)

MARC details
000 -LEADER
fixed length control field 00785cab a2200205 4500
001 - CONTROL NUMBER
control field ABS36911
008 - FIXED-LENGTH DATA ELEMENTS--GENERAL INFORMATION
fixed length control field 090401t1986 xxu||||| |||| 00| 0 eng d
035 ## - SYSTEM CONTROL NUMBER
System control number (Sirsi) u1016
041 ## - LANGUAGE CODE
Language code of text/sound track or separate title eng
100 ## - MAIN ENTRY--PERSONAL NAME
Personal name Atkinson, G.
245 ## - TITLE STATEMENT
Title Cutting the cost Getting it right
260 ## - PUBLICATION, DISTRIBUTION, ETC.
Date of publication, distribution, etc. 1986
350 ## - PRICE (NR) (BK AM CF MU VM SE) [OBSOLETE]
Price 0
490 ## - SERIES STATEMENT
Series statement Building
Volume/sequential designation 251 (7465) 17 October 1986, 86-88 (3)
520 ## - SUMMARY, ETC.
Summary, etc. Two articles on quality assurance in the building industry . G. Atkinson looks at some of the pioneer schemes which are currently being developed and attempts to clarify some common misconceptions about quality assurance. E. O`Neill looks at what is meant by quality assurance and how it can be achieved.
690 ## - LOCAL SUBJECT ADDED ENTRY--TOPICAL TERM (OCLC, RLIN)
Topical term or geographic name as entry element BUILT ENVIRONMENT
700 ## - ADDED ENTRY--PERSONAL NAME
Personal name O`Neill, E.
942 ## - ADDED ENTRY ELEMENTS (KOHA)
Suppress in OPAC 0
948 ## - LOCAL PROCESSING INFORMATION (OCLC); SERIES PART DESIGNATOR (RLIN)
c (OCLC) 04/03/1997
Holdings
Withdrawn status Lost status Source of classification or shelving scheme Damaged status Not for loan Home library Current library Shelving location Date acquired Total Checkouts Full call number Barcode Date last seen Copy number Price effective from Koha item type
    Dewey Decimal Classification     London London Journal article 14/09/1999   ABS36911 1016-1001 06/08/2019 1 06/08/2019 Journal article